000 00877nam a2200253Ia 4500
003 OSt
005 20220926010640.0
006 a|||||r|||| 00| 0
007 ta
008 220923b |||||||| |||| 00| 0 eng d
020 _a9780300197402
_c2304.52
037 _bBBS/0143, 14/03/2014, Better Book Service
_cGeneral Book
040 _aRTL
_cRTL
_beng
041 _2eng
_aeng
082 _aY73(Q2):47.2.N, Q3
100 _aSHARMA Jyotirmaya
_929508
245 0 _aRestatement of religion
_b Swami vivekananda and the making of hindu nationalism
260 _aNew Haven
_bYale University Press
_c2013
300 _axxvi, 300p
_ccm.
500 _aAppendix: p 656-90; Glossary: p 691-700
650 _aSociology
942 _hY73(Q2):47.2.N, Q3
_cGB
_2CC
999 _c617893
_d617893